01394 a2200217 4500003000500000005001700005010001700022020002300039040000900062082001800071100002700089245008100116260003800197300003300235440004300268505055100311650003500862856010600897856009101003856008201094Nust20220803113711.0 a 2004021739 a047168449X (cloth) cNust00a621.31042,CHI1 aChiasson, John Nelson.10aModeling and High Performance Control of Electric Machines /cJohn Chiasson. aHoboken, NJ :bJohn Wiley,c2005. axx, 709 p. :bill. ;c25 cm. 0aIEEE Press series on power engineering aDC Machines, Controls, and Magnetic (Page-1), The Physics of The DC Motor (Page-3), Feedback Control (Page-71), Magnetic Fields and Materials (Page-177), Symmetric Balanced Three-Phase AC Machines (Page-413), Induction Motor Control (Page-493), PM Synchronous Motor Control (Page-591), AC Machine Theory (Page-235), Rotating Magnetic Fields (Page-245), The Physics of AC Machines(Page-293), Mathematical Models of AC Machines (Page-363), Trapezoidal Back-Emf PM Synchronous Motors (BLDC) (Page-651), Trigonometric Table and Identities (Page-687). 0aTelecommunication Engineering 413Contributor biographical informationuhttp://www.loc.gov/catdir/enhancements/fy0616/2004021739-b.html413Publisher descriptionuhttp://www.loc.gov/catdir/enhancements/fy0616/2004021739-d.html413Table of contents onlyuhttp://www.loc.gov/catdir/toc/ecip051/2004021739.html